000 00595nam a2200205Ia 4500
005 20260114185858.0
008 008 260114s9999 xx 000 0 eng d
020 _a9781509972272
037 _aEBOOK
040 _aCRL
_beng
_cCRL
041 _aeng
_2eng
084 _qCRL
100 _aAndrew Edgar
_9875556
245 0 _aRegulation-Making in the United Kingdom and Australia
260 _bBloomsbury
_c2024
650 _aLaw
_9875557
856 _uhttps://doi.org/10.5040/9781509972272?locatt=label:secondary_bloomsburyCollections
942 _cEBOOK
999 _c1474429
_d1474429